000 00320nam a2200133Ia 4500
008 231129s1971||||xx |||||||||||||| ||spa||
040 _bspa
082 _a930.1 B814
100 _aBraidwood Robert J.
245 0 _aEl hombre prehistorico
260 _c1971
264 _aFondo de Cultura Economica
942 _2ddc
_cBKS
999 _c11285
_d11285